000 00292nam a2200121Ia 4500
005 20251222144751.0
008 251222s9999||||xx |||||||||||||| ||spa||
082 _a920/U24
100 _aUgarte, Juan Ignacio
245 0 _aPara conocer a San Juan de la Cruz
264 _bLatina
942 _cLIB
999 _c19352
_d19352